LIBRARY & INFORMATION CENTRE, KCAET, TAVANUR

ONLINE PUBLIC ACCESS CATALOGUE (OPAC)

Plane and geodetic surveying for engineers, Vol.1: Plane surveying / (Record no. 281)

MARC details
000 -LEADER
fixed length control field 00433cam a2200157ua 4500
003 - CONTROL NUMBER IDENTIFIER
control field OSt
008 - FIXED-LENGTH DATA ELEMENTS--GENERAL INFORMATION
fixed length control field 250129b |||||||| |||| 00| 0 eng d
041 ## - LANGUAGE CODE
Language code of text/sound track or separate title eng
082 ## - DEWEY DECIMAL CLASSIFICATION NUMBER
Classification number 624.1517
Item number CAL/PL
100 ## - MAIN ENTRY--AUTHOR NAME
Personal name Clark, David .
245 ## - TITLE STATEMENT
Title Plane and geodetic surveying for engineers, Vol.1: Plane surveying /
250 ## - EDITION STATEMENT
Edition statement 1 /
260 ## - PUBLICATION, DISTRIBUTION, ETC. (IMPRINT)
Place of publication New Delhi :
Name of publisher C B S Publishers & Distributers ,
Year of publication 1983.
300 ## - PHYSICAL DESCRIPTION
Number of Pages 463 ; .
942 ## - ADDED ENTRY ELEMENTS (KOHA)
Koha item type Books
Holdings
Withdrawn status Lost status Damaged status Home library Current library Date acquired Full call number Accession Number Koha item type Cost, normal purchase price
      KAUAET KAUAET 07/04/2012 624.1517 CLA/PL 20677 Books  
      KAUAET KAUAET 07/04/2012 624.1517 CLA/PL 16837 Books  
      KAUAET KAUAET 28/01/2025 624.1517 CAL/PL 16836 Books 50.00
free website counter